| 000 | 004080000a22001570004500 | ||
|---|---|---|---|
| 001 | 000300 | ||
| 003 | MACL | ||
| 040 | _aMACL | ||
| 090 |
_c300 _d300 |
||
| 100 | _aDasgupta, Biplab | ||
| 245 |
_aStructural Adjustment ,Global Trade And The New Political Economy Of Development _cBiplab Dasgupta |
||
| 260 |
_aVistaar Publications, _c1998 |
||
| 350 | _a450 | ||
| 650 | _aPolitical Economy | ||
| 942 |
_k330 _cBook |
||
| 999 |
_c49607 _d49607 |
||